Condiȧo Autonm̤ica

Detalles Bibliográficos
Formato: eBook
Lenguaje:portugués
Publicado: Barcelona: Editorial vLex, 2013
Materias:
Acceso en línea:Acceso restringido

MARC

LEADER 00000nam a22000007a 4500
005 20131030132543.0
007 cr|||| ||||
008 131030s2013 pt |||||s|||| 00||0 por d
035 |a 11591 
040 |a vLex 
090 |c 4561  |d 4561 
245 0 0 |a Condiȧo Autonm̤ica  |h [Recurso electrn̤ico] 
256 |a Servicio en ln̕ea 
260 |a Barcelona:  |b Editorial vLex,  |c 2013 
300 |a 1 recurso electrn̤ico 
506 1 |a Contenido solo disponible en los productos indicados  |d vLex Global  |d vLex Global (Academic Edition, excluding Law Schools)  |d vLex Global (U.S. Academic Edition, Law Schools)  |d vLex Global (U.S. Academic Edition, excluding Law Schools)  |d vLex Global (Academic Edition, Law Schools) 
650 0 4 |a Autonoma̕  |z Portugal 
740 0 |a vLex Libros (Servicio en ln̕ea) 
856 4 0 |u http://vlex.com/source/condi-o-autonomica-11591  |z Acceso restringido 
942 |c BOOK 
999 0 |a Autonomy